Fuera de las sombras del Islam : Guiemos a las musulmanas a la luz de Cristo / Ergun Caner, Emir Caner (Registro nro. 42587)
[ vista simple ]
| 000 -LÍDER | |
|---|---|
| Campo fijo de descripción fija | 010470000a22002170004500 |
| 020 ## - NÚMERO INTERNACIONAL NORMALIZADO PARA LIBROS | |
| Número Internacional Normalizado del libro | 0-7899-1193-0 |
| 041 0# - CÓDIGO DE IDIOMA | |
| Código de idioma para texto/pista de sonido o título separado | |
| 082 04 - NÚMERO DE CLASIFICACIÓN DECIMAL DEWEY | |
| Número de clasificación | G 297 C221f |
| 001 - NÚMERO DE CONTROL | |
| Campo de control | 13630 |
| 100 1# - ASIENTO PRINCIPAL--NOMBRE PERSONAL | |
| Nombre personal | Caner, Ergun Mehmet |
| 245 10 - TÍTULO | |
| Título del Material | Fuera de las sombras del Islam : Guiemos a las musulmanas a la luz de Cristo / Ergun Caner, Emir Caner |
| 260 ## - PUBLICACIÓN, DISTRIBUCIÓN, ETC. (PIE DE IMPRENTA) | |
| Lugar de publicación, distribución, etc. | Miami, FL. : Unilit |
| 300 ## - DESCRIPCIÓN FÍSICA | |
| Extensión | 141 Pag |
| 336 ## - CONTENT TYPE | |
| Content type term | texto |
| Content type code | txt |
| Source | rdacontent |
| 337 ## - MEDIA TYPE | |
| Source | rdamedia |
| Media type term | sin mediación |
| Media type code | n |
| 338 ## - CARRIER TYPE | |
| Source | rdacarrier |
| Carrier type term | volumen |
| Carrier type code | nc |
| 500 ## - NOTA GENERAL | |
| Nota General | Título original : Out of the Crescent Shadows publicado por New Hope |
| 505 00 - NOTA DE CONTENIDO | |
| Nota de contenido con formato preestablecido | - Las cristianas estadounidenses y las musulmanas - Enseñanza del islam sobre Jesús - El corazón del Padre: Adopción espiritual - La búsqueda de la paz con Dios - Garantía de salvación: seguridad en Dios - Crucificado con Cristo: Sacrificios vivos - El valor de la mujer: una nueva condición - Abandonada: el precio de la conversión - Comunión cristiana: ser el pueblo de Dios - Recompensa del cielo |
| 650 14 - ASIENTO SECUNDARIO DE MATERIA - TERMINO TEMÁTICO | |
| Término temático o nombre geográfico como elemento de entrada | ISLAMISMO |
| 942 ## - TIPO DE MATERIAL (KOHA) | |
| Tipo de Item KOHA | Libros General |
| Estado de Material | Estado de Perdido | Estado de Dañado | No para Préstamo | Colección | Tomo | Biblioteca de Origen | Biblioteca Permanente | Fecha de Adquisición | Total de Préstamos | Signatura Topográfica | Código de Barras | Última vez visto | Ejemplar/Existencia | Fecha de Remplazo | Tipo de Material |
|---|---|---|---|---|---|---|---|---|---|---|---|---|---|---|---|
| Colección General | Biblioteca FUSBC | Biblioteca FUSBC | 10/03/2006 | G 297 C221f | 15665 | 12/12/2019 | 1 | 26/01/2016 | Libros General |
